[Event "27.Schlosspark-Open"]
[Site "Wiesbaden-Biebrich"]
[Date "2015.08.28"]
[Round "2.53"]
[White "Mangei, Jasmin"]
[Black "Viol, Julius"]
[Result "1-0"]
[WhiteElo "1867"]
[BlackElo "1555"]
[PlyCount "69"]
[EventDate "2015.??.??"]
[WhiteTeam "SC Untergrombach"]
[BlackTeam "FC Bierstadt"]

1. e4 c5 2. Nf3 a6 3. c3 e6 4. d4 d5 5. e5 Nc6 6. a3 Qb6 7. b4 cxd4 8. cxd4
Nge7 9. Be2 Nf5 10. Be3 Be7 11. O-O O-O 12. Nc3 Qc7 13. Rc1 b5 14. Bd3 Nxe3 15.
fxe3 h6 16. Bb1 Bb7 17. Qd3 g6 18. Ne2 Qd8 19. Nf4 Qe8 20. h4 Kh7 21. h5 Rg8
22. hxg6+ fxg6 23. Nxe6 Bd8 24. Nf4 Ne7 25. Nh4 Bc8 26. Nh5 Nc6 27. Nf6+ Bxf6
28. Rxf6 Ne7 29. Rc7 Rg7 30. e6 Rb8 31. Nxg6 Nxg6 32. Rxg7+ Kxg7 33. Rf7+ Kh8
34. Qxg6 Qg8 35. Qxh6+ 1-0

[Event "27.Schlosspark-Open"]
[Site "Wiesbaden-Biebrich"]
[Date "2015.08.28"]
[Round "2.54"]
[White "Achtmann, Armin"]
[Black "Tampe, Friederike"]
[Result "1-0"]
[WhiteElo "1928"]
[BlackElo "1297"]
[PlyCount "79"]
[EventDate "2015.??.??"]
[WhiteTeam "TuS Dotzheim"]
[BlackTeam "Schachforum Darmstadt"]

1. b4 e5 2. Bb2 d6 3. Nf3 Nf6 4. e3 Be7 5. Be2 Be6 6. O-O Nbd7 7. d3 c6 8. Nbd2
O-O 9. c4 Qc7 10. d4 exd4 11. Nxd4 d5 12. Nxe6 fxe6 13. Bg4 e5 14. cxd5 cxd5
15. a3 Nb6 16. Rc1 Qd6 17. Bh3 Rae8 18. Qc2 Qb8 19. Rfd1 Bd6 20. e4 Re7 21. Qb3
Kh8 22. exd5 Nfxd5 23. Ne4 Rd8 24. Ng5 Rf8 25. Rxd5 Nxd5 26. Qxd5 Bc7 27. Ne6
Rg8 28. g3 Bd6 29. Rd1 Bc7 30. a4 a6 31. b5 axb5 32. Ba3 Ree8 33. Ng5 h6 34.
Qf7 Ref8 35. Bxf8 Rxf8 36. Qg6 hxg5 37. Qh5+ Kg8 38. Be6+ Rf7 39. Qxf7+ Kh7 40.
Qh5# 1-0

[Event "27.Schlosspark-Open"]
[Site "Wiesbaden-Biebrich"]
[Date "2015.08.28"]
[Round "2.55"]
[White "Jakesevic, Ivan"]
[Black "John, Volkmar"]
[Result "1/2-1/2"]
[WhiteElo "1606"]
[BlackElo "1809"]
[PlyCount "57"]
[EventDate "2015.??.??"]
[WhiteTeam "FC Bierstadt"]
[BlackTeam "SK Herborn"]

1. d4 Nf6 2. c4 g6 3. Nc3 Bg7 4. Nf3 O-O 5. e3 d6 6. Bd3 Nbd7 7. b3 c5 8. Bb2
cxd4 9. exd4 e5 10. dxe5 dxe5 11. O-O Nh5 12. Qc2 f5 13. Be2 e4 14. Nd2 Ndf6
15. Rad1 Qe7 16. Bxh5 Nxh5 17. Nd5 Qf7 18. Bxg7 Qxg7 19. Nb1 Be6 20. Nbc3 Rad8
21. Rfe1 Nf6 22. Nxf6+ Qxf6 23. h3 Rxd1 24. Rxd1 Rd8 25. Rxd8+ Qxd8 26. Kf1 Kf7
27. Ke2 Ke7 28. Qd2 Qxd2+ 29. Kxd2 1/2-1/2

[Event "27.Schlosspark-Open"]
[Site "Wiesbaden-Biebrich"]
[Date "2015.08.28"]
[Round "2.56"]
[White "Anhalt, Albert"]
[Black "Lehmann, Wolfgang"]
[Result "1-0"]
[WhiteElo "1802"]
[BlackElo "1605"]
[PlyCount "65"]
[EventDate "2015.??.??"]
[WhiteTeam "SG Idstein"]
[BlackTeam "Wiesbadener SV"]

1. e4 c6 2. d4 d5 3. f3 e6 4. Nc3 Nf6 5. Bd3 Be7 6. Nge2 c5 7. Bb5+ Bd7 8. e5
Bxb5 9. exf6 Bxe2 10. fxe7 Bxd1 11. exd8=Q+ Kxd8 12. Kxd1 c4 13. Nb5 Kd7 14.
Bf4 Nc6 15. c3 f6 16. Re1 Rhe8 17. Nc7 g5 18. Bg3 f5 19. Nxa8 Rxa8 20. Be5 b5
21. Kc2 Rg8 22. b3 Na5 23. b4 Nc6 24. a4 a6 25. axb5 axb5 26. Ra6 g4 27. f4 h5
28. g3 h4 29. Kd2 hxg3 30. hxg3 Nxe5 31. Rxe5 Rg6 32. Rxd5+ Ke7 33. Rxf5 1-0

[Event "27.Schlosspark-Open"]
[Site "Wiesbaden-Biebrich"]
[Date "2015.08.28"]
[Round "2.57"]
[White "Happel, Jürgen"]
[Black "Meaubert, Thomas"]
[Result "1/2-1/2"]
[WhiteElo "1586"]
[BlackElo "1801"]
[PlyCount "80"]
[EventDate "2015.??.??"]
[WhiteTeam "SV Hofheim"]
[BlackTeam "Sfr. Hochheim"]

1. d4 e6 2. Bf4 Nf6 3. h3 d5 4. e3 Bd6 5. Bxd6 Qxd6 6. c3 O-O 7. Nf3 b6 8. Be2
c5 9. O-O Nbd7 10. Nbd2 Bb7 11. a4 Ne8 12. a5 f5 13. axb6 axb6 14. Rxa8 Bxa8
15. Qa4 Nc7 16. Ra1 Bc6 17. Qd1 c4 18. b3 b5 19. b4 Bb7 20. Qc2 Na6 21. Ra5 Qb6
22. Qc1 Nab8 23. Qa1 Nc6 24. Ra3 Qc7 25. Qc1 Qd6 26. Ra1 Nf6 27. Nb1 Ra8 28.
Rxa8+ Bxa8 29. Na3 Qb8 30. Bd1 Ne4 31. Nd2 Nd6 32. f4 Nd8 33. Nf3 Bc6 34. Ne5
Be8 35. Nb1 Qa7 36. Qa3 Qxa3 37. Nxa3 N8f7 38. Nxf7 Kxf7 39. g4 g6 40. Kg2 h6
1/2-1/2

[Event "27.Schlosspark-Open"]
[Site "Wiesbaden-Biebrich"]
[Date "2015.08.28"]
[Round "2.58"]
[White "Mönch, Dietmar"]
[Black "Triantafillidis, Dimitrios"]
[Result "1-0"]
[WhiteElo "1798"]
[BlackElo "1603"]
[PlyCount "71"]
[EventDate "2015.??.??"]
[WhiteTeam "vereinslos"]
[BlackTeam "SF HN-Biberach"]

1. d4 c5 2. d5 d6 3. c4 e5 4. e4 Be7 5. Nc3 Bg5 6. Nf3 Bxc1 7. Qxc1 Nf6 8. g3
O-O 9. Bg2 a6 10. O-O Ne8 11. Nh4 Nd7 12. a4 g6 13. Nf3 f5 14. Ng5 Ng7 15. exf5
Rxf5 16. Nce4 Nf6 17. Nxf6+ Rxf6 18. Ne4 Rf7 19. f4 exf4 20. Rxf4 Bf5 21. Qf1
Qd7 22. Ng5 Rf6 23. g4 Bd3 24. Qf3 Rxf4 25. Qxf4 Rf8 26. Qg3 Bxc4 27. Re1 Rf6
28. Ne4 Rf8 29. Nxd6 Ba2 30. h3 Rd8 31. Ne4 Qxa4 32. Nf6+ Kh8 33. Qh4 Qd4+ 34.
Kh1 h5 35. Nxh5 Nxh5 36. Qxd8+ 1-0

[Event "27.Schlosspark-Open"]
[Site "Wiesbaden-Biebrich"]
[Date "2015.08.28"]
[Round "2.59"]
[White "Köllner, Aaron Noah"]
[Black "Krischak, Werner"]
[Result "1-0"]
[WhiteElo "1582"]
[BlackElo "1796"]
[PlyCount "59"]
[EventDate "2015.??.??"]
[WhiteTeam "SV Bergneustadt/Derschlag"]
[BlackTeam "SK Marburg"]

1. d4 d5 2. Nf3 Nf6 3. e3 Bg4 4. h3 Bh5 5. g4 Bg6 6. Ne5 Nbd7 7. h4 h6 8. Nxg6
fxg6 9. Bd3 Kf7 10. c4 e6 11. Qf3 c6 12. g5 hxg5 13. hxg5 Rxh1+ 14. Qxh1 Ne4
15. Qf3+ Kg8 16. Bxe4 dxe4 17. Qxe4 Qe8 18. Nc3 e5 19. d5 Nc5 20. Qg4 e4 21. f3
cxd5 22. cxd5 exf3 23. Qxf3 Qe5 24. e4 Bd6 25. Bd2 Rf8 26. Qe3 Nd7 27. O-O-O
Bc5 28. Qh3 Rf2 29. Qxd7 Qh2 30. Qc8+ 1-0

[Event "27.Schlosspark-Open"]
[Site "Wiesbaden-Biebrich"]
[Date "2015.08.28"]
[Round "2.62"]
[White "Dyga, Ryszard"]
[Black "Rapp, Matthias"]
[Result "1/2-1/2"]
[WhiteElo "1569"]
[BlackElo "1792"]
[PlyCount "81"]
[EventDate "2015.??.??"]
[WhiteTeam "SV Hofheim"]
[BlackTeam "TSV Schott Mainz"]

1. e4 c5 2. Nf3 Nc6 3. d4 cxd4 4. Nxd4 e5 5. Nb5 a6 6. Nd6+ Bxd6 7. Qxd6 Qf6 8.
Qxf6 Nxf6 9. f3 d5 10. exd5 Nxd5 11. a3 Bf5 12. c4 Nd4 13. Kf2 Nb3 14. cxd5
Nxa1 15. Nd2 Rc8 16. Be2 O-O 17. Ne4 Bxe4 18. fxe4 f5 19. exf5 Rxf5+ 20. Kg3
Nb3 21. Be3 Nd4 22. Bg4 Rcf8 23. Bxd4 exd4 24. Bxf5 Rxf5 25. d6 Kf7 26. Re1 d3
27. Rd1 Rd5 28. Kf3 Ke6 29. Ke3 Kxd6 30. Rxd3 Rxd3+ 31. Kxd3 Kd5 32. b3 a5 33.
Ke3 a4 34. bxa4 Kc4 35. a5 Kb3 36. Kd4 Ka4 37. Kc4 Kxa5 38. Kb3 Kb5 39. a4+ Kc5
40. Kc3 h5 41. h4 1/2-1/2

[Event "27.Schlosspark-Open"]
[Site "Wiesbaden-Biebrich"]
[Date "2015.08.28"]
[Round "2.63"]
[White "Wiest, Kurt"]
[Black "Lehmann, Tim"]
[Result "0-1"]
[WhiteElo "1784"]
[BlackElo "1560"]
[PlyCount "60"]
[EventDate "2015.??.??"]
[WhiteTeam "SV Bergwinkel"]
[BlackTeam "SV Lahn Limburg"]

1. e4 c5 2. c3 d5 3. exd5 Nf6 4. d4 cxd4 5. Qxd4 Qxd5 6. Nf3 Nc6 7. Qxd5 Nxd5
8. Bb5 Bd7 9. O-O O-O-O 10. Na3 a6 11. Bc4 Bf5 12. Bg5 f6 13. Bh4 e5 14. Bxd5
Rxd5 15. Nc4 Rd8 16. Ne3 Be6 17. a4 g5 18. Bg3 h5 19. h4 g4 20. Ne1 f5 21. N3c2
f4 22. Bh2 Bc4 23. Nb4 Nxb4 24. cxb4 Bxf1 25. Rc1+ Kb8 26. Kxf1 Bxb4 27. Ke2
Rd2+ 28. Kf1 Rhd8 29. Rc4 Rxb2 30. Nc2 Rd1+ 0-1

[Event "27.Schlosspark-Open"]
[Site "Wiesbaden-Biebrich"]
[Date "2015.08.28"]
[Round "2.64"]
[White "Roth, Michael"]
[Black "Davidov, Georgi"]
[Result "0-1"]
[WhiteElo "1563"]
[BlackElo "1780"]
[PlyCount "77"]
[EventDate "2015.??.??"]
[WhiteTeam "SC Lerchenberg/ZMO"]
[BlackTeam "SC Rotenburg"]

1. e4 e5 2. Nf3 Nf6 3. Nxe5 d6 4. Nf3 Nxe4 5. Qe2 Qe7 6. d3 Nc5 7. Be3 Nc6 8.
Nc3 Be6 9. d4 O-O-O 10. d5 Bxd5 11. Nxd5 Qe4 12. Nc3 Qb4 13. Bd2 Qxb2 14. Rb1
Qxc2 15. Ng5 Qg6 16. Qg4+ Kb8 17. Qf3 Ne5 18. Qh3 f6 19. f4 Ned3+ 20. Bxd3
Nxd3+ 21. Kf1 Nxf4 22. Bxf4 fxg5 23. Qf3 d5 24. Bg3 Bc5 25. Qd1 Rhf8+ 26. Ke1
Rde8+ 27. Ne2 Qe4 28. Rb2 Qxg2 29. Kd2 Be3+ 30. Kc3 d4+ 31. Kc4 Qc6+ 32. Kd3
Qe4+ 33. Kc4 d3+ 34. Kc3 dxe2 35. Qd7 Qxh1 36. Rxe2 Qc1+ 37. Rc2 Qa3+ 38. Kc4
Re4+ 39. Kd5 0-1

[Event "27.Schlosspark-Open"]
[Site "Wiesbaden-Biebrich"]
[Date "2015.08.28"]
[Round "2.65"]
[White "Reitz, Philipp"]
[Black "Nasshan, Erich"]
[Result "1-0"]
[WhiteElo "1773"]
[BlackElo "1543"]
[PlyCount "51"]
[EventDate "2015.??.??"]
[WhiteTeam "VfR-SC Koblenz"]
[BlackTeam "SC Ramstein"]

1. e4 c5 2. Nf3 Nc6 3. Bb5 a6 4. Bxc6 dxc6 5. h3 Nf6 6. d3 e6 7. Nc3 h6 8. Be3
Be7 9. O-O b5 10. Ne5 Bb7 11. f4 Nd7 12. Qh5 Nxe5 13. fxe5 Rf8 14. Rf3 Kd7 15.
Rxf7 Rxf7 16. Qxf7 Qf8 17. Rf1 Qxf7 18. Rxf7 Re8 19. Rxg7 Kc8 20. Bxh6 c4 21.
d4 c5 22. d5 b4 23. Na4 exd5 24. exd5 Bh4 25. e6 Bf6 26. Nb6+ 1-0

[Event "27.Schlosspark-Open"]
[Site "Wiesbaden-Biebrich"]
[Date "2015.08.28"]
[Round "2.66"]
[White "Künne, Lutz Dieter"]
[Black "Muckle, Richard"]
[Result "0-1"]
[WhiteElo "1556"]
[BlackElo "1719"]
[PlyCount "108"]
[EventDate "2015.??.??"]
[WhiteTeam "KC Jena"]
[BlackTeam "SK Ludwigshafen"]

1. e4 e6 2. Nf3 d5 3. exd5 exd5 4. d4 Nf6 5. Be2 Be7 6. O-O O-O 7. Bf4 Nc6 8.
c3 Re8 9. Qc2 Bg4 10. Nbd2 Bd6 11. Be3 Qd7 12. Bd3 h6 13. Nh4 Bh3 14. Bf5 Bxf5
15. Nxf5 Ne4 16. Nxd6 Qxd6 17. Nxe4 Rxe4 18. Rae1 Rae8 19. Qc1 a6 20. Bd2 Rxe1
21. Rxe1 Rxe1+ 22. Qxe1 Qe7 23. Kf1 Kf8 24. Bf4 Qd7 25. Qe3 Ne7 26. Ke1 Ng6 27.
Qg3 Qe6+ 28. Kd2 c6 29. Be3 Ne7 30. Qb8+ Qc8 31. Qd6 Ke8 32. Qe5 Kf8 33. Qd6 b5
34. b4 f6 35. h3 Kf7 36. Qg3 Qf5 37. Kc1 Qd3 38. Bd2 Qxg3 39. fxg3 Nf5 40. g4
Nd6 41. Kc2 Nc4 42. g3 Kg6 43. h4 f5 44. gxf5+ Kxf5 45. Bf4 g5 46. hxg5 hxg5
47. Bc7 Ke4 48. Bb8 Kf3 49. Be5 Ne3+ 50. Kd2 Nf1+ 51. Ke1 Nxg3 52. Kd1 Ne4 53.
Kc2 g4 54. Kb3 g3 0-1

[Event "27.Schlosspark-Open"]
[Site "Wiesbaden-Biebrich"]
[Date "2015.08.28"]
[Round "2.67"]
[White "Roß, Norbert"]
[Black "Börkey, Joel"]
[Result "1-0"]
[WhiteElo "1772"]
[BlackElo "1482"]
[PlyCount "79"]
[EventDate "2015.??.??"]
[WhiteTeam "SV Oberursel"]
[BlackTeam "Wiesbadener SV"]

1. d4 Nf6 2. c4 e6 3. Nc3 Bb4 4. e3 c5 5. Bd3 O-O 6. Nf3 Bxc3+ 7. bxc3 d6 8.
O-O Nc6 9. e4 e5 10. d5 Ne7 11. Nh4 Bg4 12. Qe1 Ng6 13. Nxg6 hxg6 14. Bg5 Qe7
15. f4 exf4 16. Bxf4 Bc8 17. e5 dxe5 18. Bxe5 Ng4 19. Bg3 Re8 20. Qxe7 Rxe7 21.
Bd6 Re3 22. Rf3 Rxf3 23. gxf3 Nf6 24. Bxc5 Bf5 25. Bxf5 gxf5 26. Re1 b6 27. Bd4
Rc8 28. Re7 Rxc4 29. d6 Rc8 30. d7 Rd8 31. Bxf6 Kf8 32. Rxf7+ Kxf7 33. Bxd8 Ke6
34. Bxb6 Kxd7 35. Bxa7 g5 36. Be3 g4 37. fxg4 fxg4 38. Kf2 Kd6 39. Kg3 Kd5 40.
Kxg4 1-0

[Event "27.Schlosspark-Open"]
[Site "Wiesbaden-Biebrich"]
[Date "2015.08.28"]
[Round "2.68"]
[White "Reitz, Theresa"]
[Black "Falkenhainer, Sven"]
[Result "1/2-1/2"]
[WhiteElo "1547"]
[BlackElo "1771"]
[PlyCount "49"]
[EventDate "2015.??.??"]
[WhiteTeam "VfR-SC Koblenz"]
[BlackTeam "SC Bergen-Enkheim"]

1. e4 e6 2. d4 d5 3. e5 c5 4. c3 Nc6 5. Nf3 Bd7 6. a3 Be7 7. Be3 cxd4 8. cxd4
f6 9. Nc3 a6 10. Bd3 Qc7 11. Bf4 Qb6 12. b4 Nh6 13. O-O Nf7 14. Na4 Qd8 15. Re1
f5 16. Nc5 Bxc5 17. bxc5 O-O 18. Rb1 Rb8 19. Be3 Ne7 20. Qc2 Ng6 21. Bd2 Nh4
22. Nxh4 Qxh4 23. Bc3 Bc6 24. Qb2 Ng5 25. f3 1/2-1/2

[Event "27.Schlosspark-Open"]
[Site "Wiesbaden-Biebrich"]
[Date "2015.08.28"]
[Round "2.69"]
[White "Zerhusen, Martin"]
[Black "Goodwin, David"]
[Result "1-0"]
[WhiteElo "1768"]
[BlackElo "1462"]
[PlyCount "89"]
[EventDate "2015.??.??"]
[WhiteTeam "SV Oberursel"]
[BlackTeam "SV Kelsterbach"]

1. d4 g6 2. Nf3 Bg7 3. c4 d6 4. Nc3 Nd7 5. Bg5 Ngf6 6. e3 c5 7. d5 h6 8. Bh4 g5
9. Bg3 Nh5 10. Qc2 Nxg3 11. hxg3 Ne5 12. Rc1 Ng4 13. Bd3 Ne5 14. a3 Nxd3+ 15.
Qxd3 Bd7 16. e4 Bg4 17. Nh2 Bh5 18. Nf1 Bg6 19. Ne3 Qd7 20. Nf5 Bxf5 21. exf5
e5 22. Ne4 f6 23. g4 O-O-O 24. Ke2 Qe8 25. Rh5 Qa4 26. Rb1 a5 27. Ra1 Kc7 28.
Qc3 Ra8 29. b3 Qd7 30. Ng3 b5 31. Rhh1 Rhb8 32. Rhb1 b4 33. Qc2 a4 34. axb4
Rxb4 35. bxa4 Rbxa4 36. Rxa4 Qxa4 37. Rb2 Qa1 38. Qb3 Qa5 39. Qb7+ Kd8 40. Qxg7
Qa3 41. Qxf6+ Kc7 42. Qe7+ Kc8 43. Qe8+ Kc7 44. Qc6+ Kd8 45. Qxd6+ 1-0

[Event "27.Schlosspark-Open"]
[Site "Wiesbaden-Biebrich"]
[Date "2015.08.28"]
[Round "2.70"]
[White "Busch, Günther"]
[Black "Arns, Alexander"]
[Result "0-1"]
[WhiteElo "1528"]
[BlackElo "1767"]
[PlyCount "66"]
[EventDate "2015.??.??"]
[WhiteTeam "FC Bierstadt"]
[BlackTeam "SF HN-Biberach"]

1. g3 Nf6 2. Bg2 d5 3. d3 e5 4. e3 c6 5. a3 Be6 6. Nd2 Na6 7. b3 Bd6 8. Bb2 Qe7
9. Ne2 Bf5 10. h3 Nc5 11. Qb1 Bg6 12. O-O h5 13. Ra2 Qe6 14. d4 Nce4 15. Qe1
Nxd2 16. Qxd2 e4 17. Nf4 Bxf4 18. exf4 Bf5 19. Kh2 O-O-O 20. Qe2 h4 21. g4 Bxg4
22. Qe3 Bf5 23. f3 Qd6 24. c4 exf3 25. Bxf3 Rde8 26. Qc1 Be4 27. cxd5 Nxd5 28.
Bxe4 Rxe4 29. Ba1 Nxf4 30. Qc5 Qe6 31. Rf3 Re2+ 32. Rf2 Qxh3+ 33. Kg1 Re1+ 0-1

[Event "27.Schlosspark-Open"]
[Site "Wiesbaden-Biebrich"]
[Date "2015.08.28"]
[Round "2.71"]
[White "Reinecke, Katharina"]
[Black "Laux, Dominik"]
[Result "1-0"]
[WhiteElo "1765"]
[BlackElo "1273"]
[PlyCount "87"]
[EventDate "2015.??.??"]
[WhiteTeam "SK Langen"]
[BlackTeam "VSG Offenbach"]

1. d4 d5 2. c4 e6 3. Nf3 Nf6 4. g3 Nbd7 5. Bg2 c6 6. O-O Be7 7. Qc2 h6 8. Nc3
a6 9. e4 Nxe4 10. Nxe4 dxe4 11. Qxe4 Nf6 12. Qc2 O-O 13. Bf4 Bd7 14. Ne5 Re8
15. a4 Rc8 16. a5 Rf8 17. Qb3 Bd6 18. Nxf7 Rxf7 19. Bxd6 Be8 20. c5 Rd7 21.
Qxe6+ Bf7 22. Qe5 Ne8 23. Bh3 Nxd6 24. cxd6 Rxd6 25. Bxc8 Rd5 26. Qb8 Rd7 27.
Qa8 Bd5 28. Bxb7 Qxa8 29. Bxa8 Ra7 30. Bxc6 Bxc6 31. Rac1 Bf3 32. Rc3 Bh5 33.
Rfc1 Rd7 34. Rd3 Be2 35. Rd2 Bb5 36. d5 Rd6 37. Re1 Bd7 38. Re3 Kf8 39. Rc3 Kf7
40. Rc7 Kg8 41. Rb7 Kf8 42. Rb6 Rxb6 43. axb6 Bc8 44. d6 1-0

[Event "27.Schlosspark-Open"]
[Site "Wiesbaden-Biebrich"]
[Date "2015.08.28"]
[Round "2.72"]
[White "Wößmann, David"]
[Black "Bajorski, Marius"]
[Result "0-1"]
[WhiteElo "1476"]
[BlackElo "1764"]
[PlyCount "132"]
[EventDate "2015.??.??"]
[WhiteTeam "Biebertaler SF"]
[BlackTeam "SV Hofheim"]

1. e4 e5 2. Nf3 Nc6 3. Bc4 Bc5 4. c3 Nf6 5. d3 d6 6. Bb3 Bb6 7. Nbd2 Ne7 8. Nc4
O-O 9. d4 exd4 10. cxd4 Nxe4 11. Qd3 Bf5 12. Qe2 Re8 13. O-O Nc6 14. Nxb6 axb6
15. Qc4 Bg6 16. Bd2 Nxd2 17. Nxd2 Na5 18. Qc1 Nxb3 19. Nxb3 Re2 20. Nd2 Qg5 21.
Nf3 Qxc1 22. Rfxc1 c6 23. Re1 Rxb2 24. Re7 h6 25. h3 Raxa2 26. Rxa2 Rxa2 27.
Rxb7 Rb2 28. Nh4 Rb4 29. Nxg6 fxg6 30. d5 cxd5 31. Rd7 Kf8 32. Rxd6 Rb5 33.
Rxg6 d4 34. Rg3 Rb1+ 35. Kh2 Rd1 36. Rb3 Ke7 37. Rxb6 d3 38. Rb4 Ke6 39. Rd4
Ke5 40. Rd8 Ke4 41. Kg3 Rc1 42. Rd7 Rc5 43. h4 Rd5 44. f3+ Kd4 45. Rxd5+ Kxd5
46. Kf2 Kd4 47. Ke1 Ke3 48. h5 d2+ 49. Kd1 Kf2 50. Kxd2 Kxg2 51. Ke2 Kg3 52.
Ke3 Kh4 53. Kf4 Kxh5 54. Kg3 Kg5 55. Kg2 Kf4 56. Kf2 h5 57. Kg2 h4 58. Kh3 g5
59. Kg2 h3+ 60. Kh2 Kxf3 61. Kxh3 g4+ 62. Kh2 Kf2 63. Kh1 Kg3 64. Kg1 Kh3 65.
Kh1 g3 66. Kg1 g2 0-1

[Event "27.Schlosspark-Open"]
[Site "Wiesbaden-Biebrich"]
[Date "2015.08.28"]
[Round "2.73"]
[White "Held, Gerd"]
[Black "Wilke, Tabea"]
[Result "0-1"]
[WhiteElo "1450"]
[BlackElo "1759"]
[PlyCount "130"]
[EventDate "2015.??.??"]
[WhiteTeam "SC Groß-Zimmern"]
[BlackTeam "SC Hattersheim"]

1. c4 e5 2. g3 Nf6 3. Bg2 d5 4. cxd5 Nxd5 5. Nc3 Nb6 6. Nf3 Nc6 7. a3 Be6 8. b4
f6 9. d3 Be7 10. O-O O-O 11. Bb2 a6 12. Rc1 Qd7 13. Ne4 Rfc8 14. Nc5 Bxc5 15.
Rxc5 Nd8 16. Nd2 Na4 17. Rc2 a5 18. Qb1 axb4 19. axb4 Nxb2 20. Rxb2 Nc6 21. b5
Nd8 22. Ne4 Bh3 23. Nc5 Qf5 24. Be4 Qh5 25. Nxb7 Bxf1 26. Bf3 Qe8 27. Nxd8 Ra3
28. Bd5+ Kf8 29. Ne6+ Ke7 30. Nxg7 Qg6 31. Qxf1 Qxg7 32. Qh3 Rb8 33. Qe6+ Kd8
34. Ra2 Rxa2 35. Bxa2 Rxb5 36. Qa6 Rb6 37. Qa8+ Ke7 38. Qc8 Kd6 39. Qe6+ Kc5
40. Qd5+ Kb4 41. Qc4+ Ka5 42. Bb3 Qd7 43. Qc3+ Rb4 44. Qc5+ Rb5 45. Qa3+ Kb6
46. Bc4 Rb1+ 47. Kg2 Qc6+ 48. e4 Qb7 49. Qa2 Kc5 50. Qa5+ Kd4 51. Qd2 Qb2 52.
Qe3+ Kc3 53. Qc5 Qb6 54. Qa3+ Kd2 55. Qa2+ Rb2 56. Qa1 Qd4 57. Qa5+ Ke2 58. Kh3
Kxf2 59. Qxc7 Kg1 60. Kg4 Rxh2 61. Kf5 Qf2+ 62. Ke6 Qxg3 63. Qc5+ Qf2 64. Qb5
h5 65. Qb1+ Kg2 0-1

[Event "27.Schlosspark-Open"]
[Site "Wiesbaden-Biebrich"]
[Date "2015.08.28"]
[Round "2.74"]
[White "Buhr, Patrick"]
[Black "Lehmann, Nils"]
[Result "1-0"]
[WhiteElo "1746"]
[BlackElo "1406"]
[PlyCount "77"]
[EventDate "2015.??.??"]
[WhiteTeam "SC Heimbach-Weis"]
[BlackTeam "SV Lahn Limburg"]

1. c4 e6 2. g3 d5 3. cxd5 exd5 4. Bg2 Nf6 5. Nc3 c6 6. d4 Be7 7. Nf3 Bf5 8. O-O
Nbd7 9. Nd2 O-O 10. e4 dxe4 11. Ndxe4 Nxe4 12. Nxe4 Nf6 13. Nc5 Qc7 14. Bf4 Qc8
15. Re1 Bxc5 16. dxc5 Rd8 17. Qb3 h6 18. Re7 Be6 19. Qxb7 Qxb7 20. Rxb7 Rdc8
21. b3 Nd7 22. Bd6 a5 23. a3 a4 24. b4 Nf6 25. b5 Nd5 26. Bxd5 Bxd5 27. b6 Bc4
28. Rb1 Ba6 29. Re7 Rf8 30. b7 Bxb7 31. Rbxb7 Rfd8 32. Rxf7 Rxd6 33. cxd6 Rd8
34. Rfd7 Re8 35. Rxg7+ Kh8 36. Rge7 Rd8 37. d7 Rxd7 38. Rexd7 c5 39. Rd8# 1-0

[Event "27.Schlosspark-Open"]
[Site "Wiesbaden-Biebrich"]
[Date "2015.08.28"]
[Round "2.75"]
[White "Schreer, Maxima"]
[Black "Schneider, Lutz"]
[Result "1/2-1/2"]
[WhiteElo "1410"]
[BlackElo "1747"]
[PlyCount "92"]
[EventDate "2015.??.??"]
[WhiteTeam "SF Friedberg"]
[BlackTeam "Vorw.Orient Mainz"]

1. e4 Nf6 2. Nc3 d5 3. e5 d4 4. exf6 dxc3 5. fxg7 cxd2+ 6. Bxd2 Bxg7 7. Rb1 c6
8. Bc4 Bf5 9. Qf3 Bg6 10. Ne2 e5 11. Nc3 O-O 12. Bd3 Nd7 13. Be3 Qe7 14. O-O f5
15. Qh3 e4 16. Bc4+ Kh8 17. Rbd1 Ne5 18. Bb3 f4 19. Bd4 Qg5 20. Be6 Nf3+ 21.
Kh1 Nxd4 22. Bg4 h5 23. Be2 Rad8 24. Rc1 Bh6 25. Rfe1 Rf7 26. Bc4 Bf5 27. Nxe4
Bxh3 28. Nxg5 Bxg2+ 29. Kxg2 Rg7 30. h4 Bxg5 31. hxg5 Rxg5+ 32. Kh3 b5 33. Bf7
Rf8 34. Bb3 c5 35. Re4 Nf5 36. Be6 Nd6 37. Re2 Rg6 38. Rd1 Nf5 39. Bxf5 Rxf5
40. Rd8+ Rg8 41. Rxg8+ Kxg8 42. Re4 Rf7 43. Re5 Rd7 44. Rxh5 Rd2 45. Rxc5 Rxf2
46. Rxb5 Rxc2 1/2-1/2

[Event "27.Schlosspark-Open"]
[Site "Wiesbaden-Biebrich"]
[Date "2015.08.28"]
[Round "2.76"]
[White "Gläßer, Leonhard"]
[Black "Künitz, Klaus"]
[Result "1/2-1/2"]
[WhiteElo "1403"]
[BlackElo "1740"]
[PlyCount "38"]
[EventDate "2015.??.??"]
[WhiteTeam "FC Bierstadt"]
[BlackTeam "TSV Schott Mainz"]

1. Nf3 f5 2. c4 d6 3. e3 e5 4. d4 e4 5. Nfd2 c6 6. Nc3 Nf6 7. b3 d5 8. Bb2 Bd6
9. h3 O-O 10. Be2 Na6 11. a3 Bb8 12. Nf1 Nc7 13. Ng3 g6 14. f4 exf3 15. Bxf3
Ne6 16. Nce2 f4 17. exf4 Nxf4 18. Nxf4 Bxf4 19. Ne2 Be3 1/2-1/2

[Event "27.Schlosspark-Open"]
[Site "Wiesbaden-Biebrich"]
[Date "2015.08.28"]
[Round "2.77"]
[White "Wilk, David"]
[Black "Köllner, Felicitas Ophelia"]
[Result "1-0"]
[WhiteElo "1734"]
[BlackElo "1402"]
[PlyCount "31"]
[EventDate "2015.??.??"]
[WhiteTeam "SF Mainz"]
[BlackTeam "SV Bergneustadt/Derschlag"]

1. e4 d6 2. Nf3 Nf6 3. Nc3 e5 4. d4 Nbd7 5. Bc4 Be7 6. O-O O-O 7. a3 exd4 8.
Nxd4 Nc5 9. Re1 Re8 10. b4 Ncd7 11. Nf5 Bf8 12. Re3 g6 13. Rg3 Nxe4 14. Qd5
Nxg3 15. Qxf7+ Kh8 16. Qg8# 1-0

[Event "27.Schlosspark-Open"]
[Site "Wiesbaden-Biebrich"]
[Date "2015.08.28"]
[Round "2.78"]
[White "Schneider, Luca"]
[Black "Bratmann, Marc"]
[Result "1/2-1/2"]
[WhiteElo "1377"]
[BlackElo "1726"]
[PlyCount "88"]
[EventDate "2015.??.??"]
[WhiteTeam "FC Bierstadt"]
[BlackTeam "TuS Dotzheim"]

1. d4 d5 2. Nf3 Nf6 3. e3 g6 4. Bd3 Bg4 5. Nbd2 Bg7 6. b3 O-O 7. Bb2 Nbd7 8.
O-O c5 9. c4 e6 10. Qc2 Bxf3 11. Nxf3 Rc8 12. Qe2 Re8 13. Rac1 cxd4 14. exd4
Qe7 15. Ne5 Nxe5 16. dxe5 Nd7 17. Bd4 dxc4 18. Bxc4 Rc7 19. Qe3 a6 20. f4 Rec8
21. Bd3 Qa3 22. Rxc7 Rxc7 23. Qd2 Bf8 24. Kh1 Bb4 25. Qb2 Qa5 26. Be3 Rc3 27.
Rd1 Ba3 28. Qf2 Qc7 29. h3 Nc5 30. Bb1 b5 31. Bd2 Nd3 32. Qd4 Nb2 33. Re1 Rc6
34. Be4 Rc5 35. Rb1 a5 36. Qe3 a4 37. b4 Nc4 38. Qxc5 Qxc5 39. bxc5 Nxd2 40.
Rd1 Nxe4 41. Rd8+ Kg7 42. c6 Bc5 43. c7 Ng3+ 44. Kh2 Nf1+ 1/2-1/2

[Event "27.Schlosspark-Open"]
[Site "Wiesbaden-Biebrich"]
[Date "2015.08.28"]
[Round "2.79"]
[White "Mang, Markus"]
[Black "Deutsch, Christoph"]
[Result "1-0"]
[WhiteElo "1724"]
[BlackElo "1358"]
[PlyCount "67"]
[EventDate "2015.??.??"]
[WhiteTeam "SG Kaiserslautern"]
[BlackTeam "SK Gründau"]

1. d4 d5 2. c4 c6 3. Nf3 Nf6 4. e3 e6 5. b3 Bd6 6. Bb2 Nbd7 7. Bd3 O-O 8. O-O
b6 9. Nbd2 Ba6 10. Ne5 Qc7 11. f4 c5 12. Rc1 Rac8 13. Qe2 Qb8 14. Bb1 cxd4 15.
exd4 dxc4 16. Ndxc4 Rfd8 17. Qf2 Be7 18. Qg3 Bb7 19. Nd2 Bb4 20. Ndf3 Nf8 21.
a3 Be7 22. Rce1 Ng6 23. Ng5 Nh5 24. Qh3 Ngxf4 25. Rxf4 Bxg5 26. Bxh7+ Kxh7 27.
Qxh5+ Bh6 28. Rxf7 Rc7 29. Ref1 Ba6 30. R1f3 Be2 31. Qg6+ Kh8 32. Rh3 Rxf7 33.
Rxh6+ gxh6 34. Nxf7# 1-0

[Event "27.Schlosspark-Open"]
[Site "Wiesbaden-Biebrich"]
[Date "2015.08.28"]
[Round "2.80"]
[White "Bayer, Martin"]
[Black "Fischer, Patrick"]
[Result "1-0"]
[WhiteElo "1357"]
[BlackElo "1723"]
[PlyCount "91"]
[EventDate "2015.??.??"]
[WhiteTeam "SK Gründau"]
[BlackTeam "SF HN-Biberach"]

1. e4 c6 2. d4 d5 3. exd5 cxd5 4. Nf3 Nc6 5. Bd3 Nf6 6. c3 Bg4 7. h3 Bh5 8. O-O
e6 9. Bg5 Be7 10. Nbd2 O-O 11. Qc2 Bg6 12. Rfe1 Bxd3 13. Qxd3 Qb6 14. Qc2 Rac8
15. Rac1 Rc7 16. Qb3 Qa6 17. Ra1 Na5 18. Qd1 Qb6 19. Qa4 Nc4 20. Nxc4 Rxc4 21.
Qb3 Qa6 22. Ne5 Rc7 23. a4 Rfc8 24. Qb5 Qd6 25. Bf4 Nh5 26. Bh2 Qa6 27. Qxa6
bxa6 28. g4 Nf6 29. f3 Rb7 30. Nd3 Nd7 31. Rec1 Nb6 32. b3 Bg5 33. f4 Bf6 34.
Nc5 Re7 35. g5 Bxd4+ 36. cxd4 Rec7 37. f5 Rc6 38. fxe6 fxe6 39. Bf4 Rf8 40. Nd3
Rxc1+ 41. Rxc1 g6 42. Rc7 Nc8 43. Be5 a5 44. Rg7+ Kh8 45. Rxg6+ Rf6 46. Bxf6#
1-0